The First advance, AD 29-500 (Record no. 8752)
[ view plain ]
| 000 -LEADER | |
|---|---|
| fixed length control field | 00293nam a22001337a 4500 |
| 003 - CONTROL NUMBER IDENTIFIER | |
| control field | OSt |
| 005 - DATE AND TIME OF LATEST TRANSACTION | |
| control field | 20191107103205.0 |
| 008 - FIXED-LENGTH DATA ELEMENTS--GENERAL INFORMATION | |
| fixed length control field | 191107b ||||| |||| 00| 0 eng d |
| 040 ## - CATALOGING SOURCE | |
| Transcribing agency | DDC |
| 082 ## - DEWEY DECIMAL CLASSIFICATION NUMBER | |
| Classification number | 270.1 |
| 100 ## - MAIN ENTRY--PERSONAL NAME | |
| Personal name | Foster, John, |
| 245 ## - TITLE STATEMENT | |
| Title | The First advance, AD 29-500 |
| 942 ## - ADDED ENTRY ELEMENTS (KOHA) | |
| Source of classification or shelving scheme | Dewey Decimal Classification |
| Koha item type | Books |
| Withdrawn status | Lost status | Source of classification or shelving scheme | Damaged status | Not for loan | Collection code | Home library | Current library | Date acquired | Total Checkouts | Full call number | Barcode | Date last seen | Price effective from | Koha item type | Shelving location |
|---|---|---|---|---|---|---|---|---|---|---|---|---|---|---|---|
| Dewey Decimal Classification | Non-fiction | Harvest Mission College | Harvest Mission College | 07.11.2019 | 270.1 F754F | 010164 | 07.11.2019 | 07.11.2019 | Books | ||||||
| Dewey Decimal Classification | Non-fiction | Harvest Mission College | Harvest Mission College | 07.11.2019 | 270.1 F754F | 012715 | 06.07.2022 | 07.11.2019 | Books | General Stacks | |||||
| Dewey Decimal Classification | Non-fiction | Harvest Mission College | Harvest Mission College | 25.10.2024 | 270.1 F754F | 013181 | 25.10.2024 | 25.10.2024 | Books | General Stacks |
